书目信息 |
| 题名: |
现代工程制图
|
|
| 作者: | 张生旭 , 张晓欣 , 张勇 主编 | |
| 分册: | ||
| 出版信息: | 哈尔滨 哈尔滨工程大学出版社 2006 |
|
| 页数: | 307页 | |
| 开本: | 26cm | |
| 丛书名: | ||
| 单 册: | ||
| 中图分类: | TB23 | |
| 科图分类: | ||
| 主题词: | 工程制图--高等学校--技术学校--教材 | |
| 电子资源: | ||
| ISBN: | 7-81073-751-1 | |
| 000 | 00784nam0 2200241 450 | |
| 001 | 07079000404 | |
| 005 | 20070721133140.31 | |
| 010 | @a7-81073-751-1@dCNY25.00 | |
| 100 | @a20061025d2006 ekmy0chiy0110 ea | |
| 101 | 0 | @achi |
| 102 | @aCN@b230000 | |
| 105 | @aak z 000yy | |
| 200 | 1 | @a现代工程制图@Axian dai gong cheng zhi tu@f张勇, 张生旭, 张晓欣主编 |
| 210 | @a哈尔滨@c哈尔滨工程大学出版社@d2006 | |
| 215 | @a307页@c图, 表格@d26cm | |
| 330 | @a本书立足于培养学生的空间想象能力、创新设计能力和表达设计思想的能力。 | |
| 606 | 0 | @a工程制图@x高等学校@x技术学校@j教材 |
| 690 | @aTB23@v4 | |
| 701 | 0 | @a张生旭@Azhang sheng xu@4主编 |
| 701 | 0 | @a张晓欣@Azhang xiao xin@4主编 |
| 701 | 0 | @a张勇@Azhang yong@4主编 |
| 801 | 0 | @aCN@bTAOJIN@c20070721 |
| 905 | @a10447@dTB23@e137 | |
| 现代工程制图/张勇, 张生旭, 张晓欣主编 .-哈尔滨:哈尔滨工程大学出版社,2006 |
| 307页:图, 表格;26cm |
| ISBN 7-81073-751-1:CNY25.00 |
| 本书立足于培养学生的空间想象能力、创新设计能力和表达设计思想的能力。 |
| ● |
| 相关链接 |
|
|
|
|
正题名:现代工程制图
索取号:TB23/137
 
预约/预借
| 序号 | 登录号 | 条形码 | 馆藏地/架位号 | 状态 | 备注 |
| 1 | 0822382 | 208223821 | 第二样本阅览室/ [索取号:TB23/137] | 在馆 | |
| 2 | 0822383 | 208223830 | 第三借阅区/ [索取号:TB23/137] | 在馆 | |
| 3 | 0822384 | 208223849 | 第三借阅区/ [索取号:TB23/137] | 在馆 | |
| 4 | 0822385 | 208223858 | 第三借阅区/ [索取号:TB23/137] | 在馆 | |
| 5 | 0822386 | 208223867 | 第三借阅区/ [索取号:TB23/137] | 在馆 |